000 00452nam a22001817a 4500
003 MPLRDC
005 20220104114253.0
008 210129b ||||| |||| 00| 0 eng d
082 _a538.59 YDG
100 _a殷登国
245 _a岁时佳节记趣
_c
250 _a初版
260 _a
_b世界文物出版社
_c1984
300 _b
490 _a传记、掌故、趣闻. 9
650 _a节日; 纪念日--岁时
942 _cBK
_o538.59 YDG
999 _c6168
_d6158